Religion, Spirituality and Identity : (Record no. 605620)

MARC details
000 -LEADER
fixed length control field 00497nam a2200193 a 4500
008 - FIXED-LENGTH DATA ELEMENTS--GENERAL INFORMATION
fixed length control field 251227s2006##################000#0#eng##
020 ## - INTERNATIONAL STANDARD BOOK NUMBER
ISBN 9783039109555
082 04 - DEWEY DECIMAL CLASSIFICATION NUMBER
Classification number 207.5
Item number TIR
100 1# - MAIN ENTRY--AUTHOR NAME
Personal name Tirri, Kirsi,
245 10 - TITLE STATEMENT
Title Religion, Spirituality and Identity :
260 ## - PUBLICATION, DISTRIBUTION, ETC. (IMPRINT)
Name of publisher Peter Lang,
Year of publication 2006.
300 ## - PHYSICAL DESCRIPTION
Number of Pages 238 pages
650 #0 - SUBJECT ADDED ENTRY--TOPICAL TERM
Topical Term Education.
942 ## - ADDED ENTRY ELEMENTS (KOHA)
Koha item type English Books
Holdings
Withdrawn status Lost status Damaged status Not for loan Home library Current library Shelving location Date acquired Full call number Accession Number Price effective from Koha item type
        Anna Centenary Library Anna Centenary Library 3RD FLOOR, B WING 29.12.2025 207.5 TIR 217945 29.12.2025 English Books

Find us on the map